000 00443nam a2200169Ia 4500
003 GCL
008 140319s9999 xx 000 0 eng d
040 _aGCL /
_cGCL
082 0 4 _a657
_bW A
100 1 _aKIESO, DONALD E
245 1 0 _aACCOUNTING PRINCIPLES /
_cKIESO, DONALD E
700 1 _aWEYGANDT, JERRY J.
700 1 _aKELL, WALTER
260 _a[S.N] :
_bJOHN WILEY AND SONS. INC ،
_c1992
650 0 4 _aACCOUNTING
942 _2ddc
_cBK
999 _c25628
_d25628